University Home | Library Home | Institutional Repository

CONSERVATION BIOLOGY IN PRACTICE. (Record no. 9973)

MARC details
000 -LEADER
fixed length control field 00621cam a2200157 4500
008 - FIXED-LENGTH DATA ELEMENTS--GENERAL INFORMATION
fixed length control field 160418n 000 0 eng u
022 ## - INTERNATIONAL STANDARD SERIAL NUMBER
International Standard Serial Number 1526-2383
035 ## - SYSTEM CONTROL NUMBER
System control number (Sirsi) a195909
050 ## - LIBRARY OF CONGRESS CALL NUMBER
Classification number QH75.B5
245 ## - TITLE STATEMENT
Title CONSERVATION BIOLOGY IN PRACTICE.
260 ## - PUBLICATION, DISTRIBUTION, ETC.
Place of publication, distribution, etc. Washington
Name of publisher, distributor, etc. Society for Conservation Biology
Date of publication, distribution, etc. 2001.
310 ## - CURRENT PUBLICATION FREQUENCY
Current publication frequency Quarterly.
362 ## - DATES OF PUBLICATION AND/OR SEQUENTIAL DESIGNATION
Dates of publication and/or sequential designation Vol.1, No.1, 2000 - Vol.2, No.1, 2001.
520 ## - SUMMARY, ETC.
Summary, etc. It contains articles that intend to help practitioners set their conservation agenda, evaluate options and stay in touch with state of with conservation biology and ecosystem management.
650 ## - SUBJECT ADDED ENTRY--TOPICAL TERM
Topical term or geographic name entry element Biology.
Holdings
Withdrawn status Lost status Source of classification or shelving scheme Damaged status Not for loan Home library Current library Shelving location Total Checkouts Full call number Barcode Date last seen Copy number Price effective from Koha item type
    Library of Congress Classification     Main Library Main Library Serials   QH75.B5 2383112000 08/12/2019 1 08/12/2019 Periodical
    Library of Congress Classification     Main Library Main Library Serials   QH75.B5 2383212001 08/12/2019 2 08/12/2019 Periodical
© 2026 - The University of Zambia Library - Koha v25.11